000 02881cam a2201189 4500
003 PE-LiUPU
005 20250813185620.0
020 _a8586260282
035 _a(Sirsi) i9788586260285
035 _a(Sirsi) 50058
035 _a(Sirsi) 50058
041 _apt
044 _abr
082 0 4 _a378
_bU4
245 0 2 _aA universidade no Brasi :
_bconcepções e modelos /
_cMarilia Morosini.
264 1 _aBrasil :
_bInstituto Nacional de Estudos e Pesquisas Educacionais Anísio Teixeira,
_c2006
300 _a465 páginas :
_bilustraciones ;
_c23 cm.
505 0 _aUniversidade brasileira no século XXI e o modelo universitário inicial -- Concepcoes e Modelos Universitários -- Universidades comunitárias e confessionnais -- Universidades estaduais -- Desafios dos modelos universitários
526 _aP202
526 _aP201
526 _aP163
526 _aP162
526 _aP161
526 _aP160
526 _aP148
526 _aP147
526 _aP146
526 _aP145
526 _aP144
526 _aP143
526 _aP142
526 _aP141
526 _aP140
526 _aP139
526 _aP138
526 _aP137
526 _aP136
526 _aP135
526 _aP134
526 _aP133
526 _aP129
526 _aP128
526 _aP127
526 _aP120
526 _aP119
526 _aP118
526 _aP116
526 _aP115
526 _aP114
526 _aP110
526 _aP109
526 _aP108
526 _aP104
526 _aP103
526 _aP102
526 _aP99
526 _aP98
526 _aP97
526 _aP96
526 _aP95
526 _aP93
526 _aP90
526 _aP89
526 _aP88
526 _aP83
526 _aP82
526 _aP62
526 _aP59
526 _aP58
526 _aP57
526 _aP51
526 _aP49
526 _aP48
526 _aP47
526 _aP29
526 _aP24
526 _aP20
526 _aP19
526 _aP17
526 _aP15
526 _aP14
526 _aP12
526 _aP10
526 _aP09
526 _aP08
526 _aP07
526 _aP06
526 _aP05
526 _aP04
526 _aP01
650 1 4 _aEducación superior
_zBrasil.
650 1 4 _aUniversidades
_zBrasil.
700 1 _aMorosini, Marilia
_eorg.
700 1 _aGiolo, Jaime
_ecoord.
859 _q66521
_h378
_iU4
910 _agl
_b
_clch
_d20131804
942 _2ddc
_cBOOK
949 _a378 U4
_i66521
_lCCODEBUL1
_mBUL
_tLIBRO
_o.STAFF. Colección General
596 _a1
999 _a378 U4
_wDEWEY
_c54682
_i66521
_f2021-11-8
_g5
_lCCODEBUL1
_mBUL
_p16.00
_r0
_sN
_tBOOK
_u2015-7-6
_xEDUCACION
_zUNKNOWN
_0COMPRA
_o.STAFF. Colección General
_d54682
980 _81
_gALBERTO SANCHEZ Responsable de Automatización